| 000 | 00772cam a22002771 4500 | ||
|---|---|---|---|
| 999 |
_c8413 _d8413 |
||
| 001 | 8413 | ||
| 003 | BD-JhCC | ||
| 005 | 20180224092104.0 | ||
| 008 | 740605s1967 nyuab b 000 0 eng | ||
| 035 | _a(BD-JhCC)8413 | ||
| 040 |
_aDLC _cDLC _dDLC |
||
| 041 | _aeng | ||
| 050 | 0 | 0 |
_aD967 _b.M693 1967 |
| 082 | 0 | 0 |
_a914 _bMON 1965 |
| 100 | 1 | _aMonkhouse, Francis John. | |
| 245 | 1 | 2 |
_aA regional geography of Western Europe _c[by] F. J. Monkhouse. |
| 250 | _a3d ed. [rev. & enl.] | ||
| 260 |
_aNew York, _bF. A. Praeger _c[1967] |
||
| 300 |
_axx, 727 p. _billus., maps. _c23 cm. |
||
| 490 | 0 | _aPraeger advanced geographies | |
| 504 | _aBibliography: p. 689-692. | ||
| 651 | 0 |
_aEurope _xGeography. |
|
| 740 | _aWestern Europe. | ||
| 942 |
_2ddc _cBK |
||